[Event "Albena BUL, 19th Open round_5"]
[Site "Albena BUL"]
[Date "2011.06.29"]
[Round "5.49"]
[White "Marinc, Damir"]
[Black "Kulon, Klaudia"]
[Result "0-1"]
[WhiteElo "2049"]
[BlackElo "2227"]
[PlyCount "70"]
[EventDate "2011.06.25"]
[EventType "swiss"]
[EventRounds "9"]
[EventCountry "BUL"]

1. Nf3 Nf6 2. d3 d5 3. Nbd2 g6 4. g3 Bg7 5. Bg2 O-O 6. O-O Nbd7 7. e4 dxe4 8.
dxe4 c6 9. Qe2 e5 10. Nc4 Qc7 11. Nfd2 b5 12. Ne3 a5 13. b3 b4 14. a3 Ba6 15.
Nec4 Nb6 16. Re1 Nfd7 17. Qe3 Nxc4 18. Nxc4 Bxc4 19. bxc4 c5 20. a4 Rfd8 21.
Qb3 Nb6 22. Be3 Qc6 23. Bg5 Rd4 24. Bf1 h5 25. Be3 Rdd8 26. c3 Bf8 27. cxb4
cxb4 28. c5 Bxc5 29. Rec1 Nd7 30. Rxc5 Nxc5 31. Qc4 Rac8 32. Rc1 b3 33. Qc3
Nxa4 34. Qxb3 Nc3 35. Bh3 Ne2+ 0-1

[Event "Albena BUL, 19th Open round_5"]
[Site "Albena BUL"]
[Date "2011.06.29"]
[Round "5.50"]
[White "Vladut, Matei"]
[Black "Gasik, Anna"]
[Result "0-1"]
[WhiteElo "2014"]
[BlackElo "2223"]
[PlyCount "67"]
[EventDate "2011.06.25"]
[EventType "swiss"]
[EventRounds "9"]
[EventCountry "BUL"]

1. e4 c5 2. Nc3 Nc6 3. g3 g6 4. Bg2 Bg7 5. d3 e6 6. Be3 d6 7. Qd2 Rb8 8. Nge2
Nd4 9. O-O Ne7 10. Rab1 b5 11. Nd1 b4 12. c4 bxc3 13. Ndxc3 Ba6 14. Bxd4 cxd4
15. Na4 Nc6 16. a3 Ne5 17. Nxd4 Qd7 18. Qa5 Bxd3 19. Rbc1 Nc4 20. Rxc4 Bxc4 21.
Rc1 Bxd4 22. Rxc4 Bb6 23. Qg5 O-O 24. Qd2 Rfc8 25. Nxb6 Rxb6 26. Rd4 Qc7 27.
Bf1 Qc2 28. Rxd6 Rxd6 29. Qxd6 Qxe4 30. Qd7 Rc1 31. Qb5 Qd4 32. Qe2 Rb1 33. b4
Rb3 34. h4 0-1

[Event "Albena BUL, 19th Open round_6"]
[Site "Albena BUL"]
[Date "2011.06.30"]
[Round "6.3"]
[White "Arnaudov, G  Petar"]
[Black "Delchev, Aleksander"]
[Result "1/2-1/2"]
[WhiteElo "2449"]
[BlackElo "2619"]
[PlyCount "39"]
[EventDate "2011.06.25"]
[EventType "swiss"]
[EventRounds "9"]
[EventCountry "BUL"]

1. Nf3 Nf6 2. c4 e6 3. g3 a6 4. Bg2 b5 5. b3 Bb7 6. O-O Be7 7. Bb2 d6 8. d3 O-O
9. e4 bxc4 10. bxc4 c5 11. e5 dxe5 12. Nxe5 Bxg2 13. Kxg2 Qb6 14. Bc3 Nc6 15.
Nd2 Nxe5 16. Bxe5 Qc6+ 17. Qf3 Qxf3+ 18. Kxf3 Rfd8 19. Ke2 Nd7 20. Bc3 1/2-1/2

[Event "Albena BUL, 19th Open round_6"]
[Site "Albena BUL"]
[Date "2011.06.30"]
[Round "6.4"]
[White "Grigoryan, Avetik"]
[Black "Svetushkin, Dmitry"]
[Result "1/2-1/2"]
[WhiteElo "2608"]
[BlackElo "2561"]
[PlyCount "25"]
[EventDate "2011.06.25"]
[EventType "swiss"]
[EventRounds "9"]
[EventCountry "BUL"]

1. Nf3 Nf6 2. c4 e6 3. b3 d5 4. g3 c5 5. Bg2 Nc6 6. O-O Be7 7. cxd5 Nxd5 8. Bb2
O-O 9. Nc3 Nxc3 10. Bxc3 Bd7 11. Qc2 Rc8 12. Qb2 f6 13. Rad1 1/2-1/2

[Event "Albena BUL, 19th Open round_6"]
[Site "Albena BUL"]
[Date "2011.06.30"]
[Round "6.5"]
[White "Jaracz, Pawel"]
[Black "Anton, Teodor"]
[Result "1-0"]
[WhiteElo "2575"]
[BlackElo "2355"]
[PlyCount "55"]
[EventDate "2011.06.25"]
[EventType "swiss"]
[EventRounds "9"]
[EventCountry "BUL"]

1. d4 Nf6 2. c4 e6 3. Nf3 Bb4+ 4. Nbd2 b6 5. a3 Bxd2+ 6. Qxd2 Bb7 7. e3 O-O 8.
Be2 d6 9. O-O Nbd7 10. b4 Ne4 11. Qc2 f5 12. d5 exd5 13. Nd4 Qe7 14. cxd5 Bxd5
15. f3 Nef6 16. Nxf5 Qd8 17. Bb2 a5 18. Rac1 axb4 19. axb4 c5 20. Rfd1 Ba2 21.
Nxd6 Qe7 22. Nf5 Qf7 23. Bxf6 Nxf6 24. bxc5 Bb3 25. Qxb3 Qxb3 26. Bc4+ Qxc4 27.
Rxc4 Ra5 28. c6 1-0

[Event "Albena BUL, 19th Open round_6"]
[Site "Albena BUL"]
[Date "2011.06.30"]
[Round "6.6"]
[White "Soltanici, Ruslan"]
[Black "Chatalbashev, Boris"]
[Result "1/2-1/2"]
[WhiteElo "2367"]
[BlackElo "2591"]
[PlyCount "37"]
[EventDate "2011.06.25"]
[EventType "swiss"]
[EventRounds "9"]
[EventCountry "BUL"]

1. e4 c5 2. Nf3 Nc6 3. Nc3 g6 4. d4 cxd4 5. Nxd4 Bg7 6. Be3 Nf6 7. Nxc6 bxc6 8.
e5 Ng8 9. Bd4 f6 10. f4 Qa5 11. Bc4 fxe5 12. fxe5 Bxe5 13. Qd3 Nf6 14. O-O-O
Bxd4 15. Qxd4 Qb6 16. Qe5 Qb8 17. Qd4 Qb6 18. Qe5 Qb8 19. Qd4 1/2-1/2

[Event "Albena BUL, 19th Open round_6"]
[Site "Albena BUL"]
[Date "2011.06.30"]
[Round "6.7"]
[White "Szabo, Gergely-Andras-Gyul"]
[Black "Menkinoski, Riste"]
[Result "1-0"]
[WhiteElo "2545"]
[BlackElo "2331"]
[PlyCount "63"]
[EventDate "2011.06.25"]
[EventType "swiss"]
[EventRounds "9"]
[EventCountry "BUL"]

1. e4 c5 2. c3 Nf6 3. e5 Nd5 4. d4 cxd4 5. Nf3 e6 6. cxd4 d6 7. Bc4 Nc6 8. O-O
Be7 9. Qe2 O-O 10. Nc3 Nxc3 11. bxc3 dxe5 12. dxe5 Qa5 13. Bd2 Rd8 14. Rfe1 Bd7
15. Bb3 Be8 16. Qe4 Qc5 17. Rac1 Na5 18. Bc2 g6 19. Bg5 Bxg5 20. Nxg5 h6 21.
Nh3 Kg7 22. Qh4 Rd7 23. Qf6+ Kh7 24. Nf4 Kg8 25. Re3 Nc6 26. Nh5 Qf8 27. Qf4
Rdd8 28. Rh3 gxh5 29. Rg3+ Qg7 30. Qxh6 Qxg3 31. fxg3 Nxe5 32. Qh7+ 1-0

[Event "Albena BUL, 19th Open round_6"]
[Site "Albena BUL"]
[Date "2011.06.30"]
[Round "6.8"]
[White "Carlsson, Pontus"]
[Black "Sarenac, Ivan"]
[Result "1-0"]
[WhiteElo "2497"]
[BlackElo "2315"]
[PlyCount "65"]
[EventDate "2011.06.25"]
[EventType "swiss"]
[EventRounds "9"]
[EventCountry "BUL"]

1. e4 e5 2. Nf3 Nc6 3. Bb5 a6 4. Ba4 Nf6 5. O-O Be7 6. Re1 d6 7. c3 Bg4 8. h3
Bh5 9. d3 Qd7 10. Bg5 h6 11. Bxf6 Bxf3 12. Qxf3 Bxf6 13. Nd2 b5 14. Bc2 O-O 15.
Rad1 Nd8 16. Nf1 Ne6 17. Ne3 Bg5 18. Nf5 g6 19. d4 exd4 20. cxd4 h5 21. h4 Be7
22. e5 Ng7 23. Nh6+ Kh7 24. Nxf7 Bxh4 25. e6 Qe7 26. Qf4 Kg8 27. Qh6 Bxf2+ 28.
Kxf2 Qf6+ 29. Kg1 Nxe6 30. Rxe6 Qxe6 31. Bb3 Kxf7 32. Rf1+ Ke7 33. Qg7+ 1-0

[Event "Albena BUL, 19th Open round_6"]
[Site "Albena BUL"]
[Date "2011.06.30"]
[Round "6.10"]
[White "Filip, Lucian"]
[Black "Simonian, Tigran"]
[Result "1/2-1/2"]
[WhiteElo "2467"]
[BlackElo "2294"]
[PlyCount "71"]
[EventDate "2011.06.25"]
[EventType "swiss"]
[EventRounds "9"]
[EventCountry "BUL"]

1. e4 c5 2. Nf3 Nc6 3. d4 cxd4 4. Nxd4 Nf6 5. Nc3 e5 6. Ndb5 d6 7. Bg5 a6 8.
Na3 b5 9. Bxf6 gxf6 10. Nd5 Bg7 11. Bd3 Ne7 12. Nxe7 Qxe7 13. c4 f5 14. O-O O-O
15. Qf3 b4 16. Nc2 f4 17. Nxb4 Qg5 18. Qe2 Bf6 19. Nd5 Bd8 20. Kh1 Bg4 21. f3
Be6 22. g4 Kh8 23. Rac1 h5 24. gxh5 Bxd5 25. Rg1 Qxh5 26. cxd5 Bb6 27. Rg4 Rg8
28. Rxg8+ Rxg8 29. Bxa6 Qh3 30. b4 Be3 31. Rb1 Qh5 32. Bb5 Qg5 33. Qf1 Qh5 34.
Qe2 Qg5 35. Qf1 Qh5 36. Qe2 1/2-1/2

[Event "Albena BUL, 19th Open round_6"]
[Site "Albena BUL"]
[Date "2011.06.30"]
[Round "6.11"]
[White "Sarenac, David"]
[Black "Akesson, Ralf"]
[Result "1/2-1/2"]
[WhiteElo "2315"]
[BlackElo "2451"]
[PlyCount "80"]
[EventDate "2011.06.25"]
[EventType "swiss"]
[EventRounds "9"]
[EventCountry "BUL"]

1. e4 c6 2. Nc3 d5 3. Qe2 d4 4. Nd1 e5 5. d3 c5 6. g3 Nc6 7. Bg2 Bd6 8. f4 Nge7
9. Nf3 exf4 10. gxf4 Ng6 11. e5 Be7 12. Nf2 Nb4 13. Ng5 Bxg5 14. fxg5 Qc7 15.
a3 Nc6 16. Bd2 Bd7 17. O-O-O O-O-O 18. h4 Qxe5 19. Qf3 Be6 20. h5 Nge7 21. Ne4
Qd5 22. b3 Ne5 23. Qf4 Nxd3+ 24. cxd3 Qxb3 25. Bh3 Qxa3+ 26. Kc2 Qb3+ 27. Kc1
Qa3+ 28. Kc2 c4 29. Bxe6+ fxe6 30. dxc4 d3+ 31. Kb1 Qb3+ 32. Ka1 Qa3+ 33. Kb1
Nc6 34. Bc3 Nb4 35. Qd2 Qb3+ 36. Qb2 Qc2+ 37. Ka1 Qa4+ 38. Kb1 Qc2+ 39. Ka1
Qa4+ 40. Kb1 Qc2+ 1/2-1/2

[Event "Albena BUL, 19th Open round_6"]
[Site "Albena BUL"]
[Date "2011.06.30"]
[Round "6.12"]
[White "Becker, Michael"]
[Black "Farago, Ivan"]
[Result "1/2-1/2"]
[WhiteElo "2309"]
[BlackElo "2448"]
[PlyCount "152"]
[EventDate "2011.06.25"]
[EventType "swiss"]
[EventRounds "9"]
[EventCountry "BUL"]

1. e4 e6 2. d3 d5 3. Nd2 Nc6 4. Ngf3 Nf6 5. g3 e5 6. exd5 Nxd5 7. Bg2 Be7 8.
O-O O-O 9. Re1 f6 10. d4 exd4 11. Nb3 Bb4 12. Re2 Bg4 13. a3 Be7 14. Nbxd4 Nb6
15. Rd2 Nxd4 16. Rxd4 Qc8 17. Be3 Re8 18. Qf1 Bxf3 19. Bxf3 Bc5 20. Rd3 Bxe3
21. Rxe3 Rxe3 22. fxe3 c6 23. Qd3 Qe6 24. Qd4 Re8 25. Re1 Nc4 26. Qxa7 Qd7 27.
b3 Ne5 28. Rf1 Nxf3+ 29. Rxf3 Qd1+ 30. Rf1 Qxc2 31. Qxb7 Rxe3 32. b4 h6 33.
Qc8+ Kh7 34. Qf5+ Qxf5 35. Rxf5 Rxa3 36. Rc5 Rb3 37. Rxc6 Rxb4 38. Rc2 g5 39.
h3 Kg6 40. Kg2 h5 41. Ra2 Kf5 42. Rf2+ Ke5 43. Re2+ Re4 44. Ra2 Kf5 45. Rf2+
Kg6 46. Ra2 f5 47. Ra6+ Kf7 48. Ra7+ Kf6 49. Ra6+ Re6 50. Ra2 Rd6 51. Re2 Rd4
52. Ra2 h4 53. gxh4 Rxh4 54. Ra6+ Kf7 55. Ra7+ Kg6 56. Ra6+ Kf7 57. Ra7+ Ke6
58. Ra6+ Ke5 59. Ra5+ Ke4 60. Ra4+ Ke3 61. Ra3+ Kd2 62. Ra2+ Kc3 63. Ra3+ Kb4
64. Ra8 f4 65. Rc8 Rh5 66. Rc7 Kb5 67. Rc8 Kb6 68. Rc1 Rh6 69. Rc8 Rd6 70. Rg8
Rd2+ 71. Kg1 Kc5 72. Rc8+ Kb4 73. Rb8+ Kc3 74. Rc8+ Kb2 75. Rc5 Rd3 76. Rxg5
Rxh3 1/2-1/2

[Event "Albena BUL, 19th Open round_6"]
[Site "Albena BUL"]
[Date "2011.06.30"]
[Round "6.13"]
[White "Voicu-Jagodzinsky, Carmen"]
[Black "Cioara, Andrei-Nestor"]
[Result "0-1"]
[WhiteElo "2303"]
[BlackElo "2427"]
[PlyCount "104"]
[EventDate "2011.06.25"]
[EventType "swiss"]
[EventRounds "9"]
[EventCountry "BUL"]

1. e4 e6 2. d4 d5 3. e5 c5 4. c3 Nc6 5. Nf3 Bd7 6. Be2 Nge7 7. O-O Ng6 8. Be3
cxd4 9. cxd4 Be7 10. Nc3 O-O 11. Bd3 h6 12. Rc1 f5 13. exf6 Rxf6 14. Re1 Be8
15. a3 Bd6 16. b4 Rc8 17. Na4 Nf4 18. Bxf4 Bxf4 19. Rc3 Bh5 20. Be2 b6 21. Qd3
Rc7 22. g3 Bd6 23. Rec1 Bxf3 24. Bxf3 Nxd4 25. Qxd4 Rxf3 26. Rxc7 Bxc7 27. Nc3
Qg5 28. Qd1 Rd3 29. Qe1 Be5 30. Ne2 Qd2 31. Qf1 Rxa3 32. Qh3 Kf7 33. Rc6 Bd6
34. Qg4 Ra2 35. Qf3+ Ke7 36. Nc3 Ra1+ 37. Kg2 Qe1 38. Kh3 Qh1 39. Qg4 Qf1+ 40.
Kh4 g5+ 41. Kh5 Qxf2 42. Kxh6 Qxh2+ 43. Kxg5 Rh1 44. Nxd5+ exd5 45. Rxd6 Qd2+
46. Kf5 Rf1+ 47. Ke5 Re1+ 48. Kf5 Qf2+ 49. Kg5 Kxd6 50. b5 Re5+ 51. Kg6 Re6+
52. Kg7 Qf6+ 0-1

[Event "Albena BUL, 19th Open round_6"]
[Site "Albena BUL"]
[Date "2011.06.30"]
[Round "6.14"]
[White "Sanduleac, Vasile"]
[Black "Aseeva, Marina"]
[Result "1-0"]
[WhiteElo "2424"]
[BlackElo "2199"]
[PlyCount "75"]
[EventDate "2011.06.25"]
[EventType "swiss"]
[EventRounds "9"]
[EventCountry "BUL"]

1. e4 e5 2. Nf3 Nc6 3. Bc4 Nf6 4. d3 Bc5 5. c3 a6 6. Bb3 d6 7. h3 Ba7 8. Nbd2
O-O 9. Nc4 Ne7 10. Bg5 Ng6 11. Nh4 Nf4 12. Qf3 b5 13. Nd2 Ne6 14. Bxf6 Qxf6 15.
Qxf6 gxf6 16. g3 Ng7 17. g4 Ne6 18. Ng2 Bb7 19. Ke2 Rfd8 20. Rad1 Kf8 21. Nf3
Nc5 22. Ne3 Nxb3 23. axb3 d5 24. Nxd5 Bxd5 25. exd5 Rxd5 26. Nd2 a5 27. Ne4 Ke7
28. Rhf1 h5 29. Ra1 Rad8 30. Rfd1 hxg4 31. hxg4 Rg8 32. Rg1 Rgd8 33. Rg3 Bb6
34. Rf3 c5 35. Rxf6 Bc7 36. Rc6 Bb8 37. Rxa5 Rxd3 38. Rxb5 1-0

[Event "Albena BUL, 19th Open round_6"]
[Site "Albena BUL"]
[Date "2011.06.30"]
[Round "6.15"]
[White "Bargan, Sergei"]
[Black "Georgiev, Krum"]
[Result "1/2-1/2"]
[WhiteElo "2297"]
[BlackElo "2423"]
[PlyCount "27"]
[EventDate "2011.06.25"]
[EventType "swiss"]
[EventRounds "9"]
[EventCountry "BUL"]

1. d4 Nf6 2. c4 g6 3. Nc3 Bg7 4. e4 d6 5. Nf3 O-O 6. Be2 e5 7. O-O Na6 8. d5
Nc5 9. Qc2 a5 10. Bg5 Bd7 11. Nd2 c6 12. Rad1 Rc8 13. Nb3 Na6 14. Qb1 1/2-1/2

[Event "Albena BUL, 19th Open round_6"]
[Site "Albena BUL"]
[Date "2011.06.30"]
[Round "6.16"]
[White "Radulov, Ivan"]
[Black "Lilov, Valeri"]
[Result "1-0"]
[WhiteElo "2288"]
[BlackElo "2412"]
[PlyCount "109"]
[EventDate "2011.06.25"]
[EventType "swiss"]
[EventRounds "9"]
[EventCountry "BUL"]

1. c4 e5 2. Nc3 Nc6 3. g3 f5 4. Bg2 Nf6 5. e3 d5 6. cxd5 Nb4 7. d3 Nbxd5 8.
Nxd5 Nxd5 9. a3 c6 10. Ne2 Be6 11. O-O Bd6 12. e4 fxe4 13. dxe4 Nf6 14. Qc2 O-O
15. b4 a5 16. Rb1 axb4 17. axb4 Ra2 18. Bb2 Bxb4 19. Nc1 Ra5 20. Bxe5 Rc5 21.
Qa4 Rxe5 22. Rxb4 b5 23. Qa1 Rh5 24. Rd4 Qb6 25. Ne2 Bc4 26. Nf4 Rc5 27. Re1
Ng4 28. e5 Rxe5 29. Rxe5 Nxe5 30. h3 Qc5 31. Kh2 Bf7 32. Re4 Re8 33. Qe1 Kf8
34. Re3 Qd6 35. Qc1 Nc4 36. Rd3 Qc5 37. Qc2 Kg8 38. Rd7 Re7 39. Rd8+ Re8 40.
Rd7 b4 41. Rc7 Qb6 42. Rxf7 Kxf7 43. Qxc4+ Kf8 44. Ne6+ Ke7 45. Nc5 Rd8 46.
Qe6+ Kf8 47. Nd7+ Rxd7 48. Qxd7 b3 49. Qxc6 Qb8 50. Qc5+ Ke8 51. Bc6+ Kf7 52.
Bd5+ Kg6 53. Qc6+ Kh5 54. f4 g6 55. Qf6 1-0

[Event "Albena BUL, 19th Open round_6"]
[Site "Albena BUL"]
[Date "2011.06.30"]
[Round "6.17"]
[White "Ivanov, Bogidar"]
[Black "Georgescu, Tiberiu-Marian"]
[Result "1/2-1/2"]
[WhiteElo "2179"]
[BlackElo "2397"]
[PlyCount "102"]
[EventDate "2011.06.25"]
[EventType "swiss"]
[EventRounds "9"]
[EventCountry "BUL"]

1. e4 c6 2. d4 d5 3. e5 Bf5 4. Nf3 e6 5. Be2 c5 6. Be3 cxd4 7. Nxd4 Ne7 8. Bb5+
Nbc6 9. c4 dxc4 10. Nc3 a6 11. Nxc6 Qxd1+ 12. Rxd1 Nxc6 13. Bxc6+ bxc6 14. O-O
Bd3 15. Rfe1 Rb8 16. Rd2 Bb4 17. Rc1 O-O 18. a3 Ba5 19. b4 Bc7 20. f4 a5 21.
Bc5 Rfd8 22. g3 axb4 23. axb4 Bb6 24. Na4 Bxc5+ 25. bxc5 Rb4 26. Nb6 Rd4 27.
Kf2 h5 28. Ke3 Re4+ 29. Kf3 Rd4 30. Ke3 Re4+ 31. Kf3 g5 32. Nd7 g4+ 33. Kf2 Rd4
34. Nf6+ Kg7 35. Nxh5+ Kg6 36. Nf6 Kf5 37. Ke3 Rd8 38. Ne4 Ra8 39. Nd6+ Kg6 40.
Rc3 Ra1 41. Kd4 Raa4 42. Nc8 Rb7 43. Nd6 Rbb4 44. Nc8 Rb7 45. Nd6 Rb8 46. Ke3
Rb1 47. Kd4 Re1 48. Rb2 Rd1 49. Ke3 Re1+ 50. Kd4 Rd1 51. Ke3 Re1+ 1/2-1/2

[Event "Albena BUL, 19th Open round_6"]
[Site "Albena BUL"]
[Date "2011.06.30"]
[Round "6.18"]
[White "Spassov, Liuben"]
[Black "Musayev, Eldar Elman Oglu"]
[Result "1-0"]
[WhiteElo "2384"]
[BlackElo "2155"]
[PlyCount "63"]
[EventDate "2011.06.25"]
[EventType "swiss"]
[EventRounds "9"]
[EventCountry "BUL"]

1. d4 d5 2. c4 dxc4 3. Nf3 Nf6 4. e3 e6 5. Bxc4 a6 6. Qe2 c5 7. dxc5 Bxc5 8.
O-O Nc6 9. e4 Nd4 10. Nxd4 Qxd4 11. Nd2 Ba7 12. e5 Nd7 13. Nf3 Qg4 14. h3 Qh5
15. Bd3 g5 16. Bxg5 Rg8 17. Bh4 Nxe5 18. Nxe5 Qxh4 19. Qf3 f6 20. Ng4 f5 21.
Ne3 f4 22. Ng4 h5 23. Ne5 Rg3 24. Bg6+ Kf8 25. Qe4 Kg7 26. Kh1 Rxh3+ 27. gxh3
Qxh3+ 28. Kg1 Qg3+ 29. Qg2 Kf6 30. Rae1 Qxg2+ 31. Kxg2 Bb8 32. Nc4 1-0

[Event "Albena BUL, 19th Open round_6"]
[Site "Albena BUL"]
[Date "2011.06.30"]
[Round "6.19"]
[White "Kolev, Atanas"]
[Black "Bonev, Todor"]
[Result "1-0"]
[WhiteElo "2590"]
[BlackElo "2317"]
[PlyCount "83"]
[EventDate "2011.06.25"]
[EventType "swiss"]
[EventRounds "9"]
[EventCountry "BUL"]

1. d4 Nf6 2. Nf3 g6 3. Bg5 Bg7 4. c3 c5 5. e3 O-O 6. Nbd2 cxd4 7. exd4 d6 8.
Bc4 Nbd7 9. O-O b6 10. Re1 Bb7 11. a4 h6 12. Bh4 e6 13. Bd3 Qc8 14. Nc4 Bxf3
15. Qxf3 d5 16. Nd2 a6 17. h3 Qb7 18. Bg3 b5 19. Bd6 Rfd8 20. axb5 axb5 21.
Rxa8 Rxa8 22. Qe2 Ne8 23. Bb4 Nc7 24. Nf3 Qc6 25. h4 Re8 26. Ba5 e5 27. Bxc7
Qxc7 28. Bxb5 e4 29. Nd2 f5 30. Ra1 Kh7 31. Ra6 h5 32. Rc6 Qb8 33. Ra6 Re7 34.
Nf3 Bh6 35. Bxd7 Rxd7 36. Ne5 Rg7 37. g3 Qc8 38. Rc6 Qa8 39. Qa6 Qe8 40. Re6
Qg8 41. Qd6 f4 42. Nd7 1-0

[Event "Albena BUL, 19th Open round_6"]
[Site "Albena BUL"]
[Date "2011.06.30"]
[Round "6.20"]
[White "Nevednichy, Vladislav"]
[Black "Voiska, Margarita"]
[Result "1/2-1/2"]
[WhiteElo "2542"]
[BlackElo "2300"]
[PlyCount "73"]
[EventDate "2011.06.25"]
[EventType "swiss"]
[EventRounds "9"]
[EventCountry "BUL"]

1. e4 c5 2. Nc3 a6 3. g3 Nc6 4. Bg2 g6 5. f4 Bg7 6. Nf3 d6 7. h3 e5 8. d3 Nge7
9. O-O h6 10. f5 gxf5 11. Nh4 f4 12. Qh5 Ng8 13. gxf4 Nf6 14. Qd1 exf4 15. Bxf4
Ng4 16. Nf3 Nge5 17. Nxe5 Nxe5 18. Qh5 Be6 19. Nd5 Bxd5 20. exd5 Qe7 21. Rae1
O-O-O 22. b4 Qc7 23. Bxe5 Bxe5 24. Rxf7 Qb6 25. Kh1 Rhg8 26. Rxe5 dxe5 27. Qf5+
Kb8 28. Qxe5+ Ka8 29. d6 Rxg2 30. Kxg2 cxb4 31. Rc7 Rxd6 32. Rc8+ Ka7 33. Qc5
Qxc5 34. Rxc5 Kb6 35. Rc4 a5 36. Kf3 Re6 37. c3 1/2-1/2

[Event "Albena BUL, 19th Open round_6"]
[Site "Albena BUL"]
[Date "2011.06.30"]
[Round "6.21"]
[White "Rzayev, Bahruz Iqbal Oglu"]
[Black "Grigorov, Grigor"]
[Result "1/2-1/2"]
[WhiteElo "2292"]
[BlackElo "2497"]
[PlyCount "100"]
[EventDate "2011.06.25"]
[EventType "swiss"]
[EventRounds "9"]
[EventCountry "BUL"]

1. e4 c5 2. Nc3 e6 3. g3 d5 4. Bg2 d4 5. Nce2 Nc6 6. d3 e5 7. f4 g6 8. Nf3 Bg7
9. O-O Nge7 10. c4 O-O 11. fxe5 Bg4 12. h3 Bxf3 13. Rxf3 Nxe5 14. Rf2 a6 15.
Nf4 b5 16. b3 Qd6 17. g4 Rab8 18. Nd5 Nxd5 19. exd5 bxc4 20. bxc4 Nd7 21. Qf1
f5 22. Bf4 Be5 23. Bh6 Rf7 24. Re1 Bg3 25. Bf4 Bxf4 26. Rxf4 Ne5 27. gxf5 Nxd3
28. fxg6 Rxf4 29. gxh7+ Kh8 30. Qxd3 Rf6 31. Re4 Rbf8 32. Rg4 Re8 33. Be4 Rf7
34. Bf5 Rg7 35. Be6 Rf8 36. Qe4 Rf4 37. Qe2 Rfxg4+ 38. Bxg4 Re7 39. Be6 Rxh7
40. Qf3 Rg7+ 41. Kf1 Qe5 42. Qf8+ Kh7 43. Bf5+ Kh6 44. h4 Qf4+ 45. Ke2 d3+ 46.
Kxd3 Qd4+ 47. Kc2 Qxc4+ 48. Kb1 Qb4+ 49. Kc2 Qc4+ 50. Kb1 Qb4+ 1/2-1/2

[Event "Albena BUL, 19th Open round_6"]
[Site "Albena BUL"]
[Date "2011.06.30"]
[Round "6.22"]
[White "Shishkov, Minko"]
[Black "Berbatov, Kiprian"]
[Result "0-1"]
[WhiteElo "2286"]
[BlackElo "2490"]
[PlyCount "108"]
[EventDate "2011.06.25"]
[EventType "swiss"]
[EventRounds "9"]
[EventCountry "BUL"]

1. d4 Nf6 2. c4 g6 3. Nc3 Bg7 4. Nf3 d6 5. h3 O-O 6. Bf4 Nfd7 7. e3 e5 8. Bg5
f6 9. Bh4 Nc6 10. Be2 Kh8 11. d5 Ne7 12. e4 f5 13. Nd2 Bh6 14. O-O Nf6 15. c5
g5 16. Bg3 f4 17. Bh2 Rg8 18. g4 dxc5 19. Nc4 Ng6 20. f3 Bf8 21. Kh1 h5 22. Bg1
Rg7 23. Rf2 Rh7 24. Rh2 Ne8 25. Qb3 b6 26. a4 a6 27. Rd1 Nd6 28. Nb1 Nxc4 29.
Bxc4 Bd6 30. Qd3 Kg7 31. Rdd2 Bd7 32. b3 Qc8 33. Nc3 Nh4 34. Qe2 Rh8 35. Qf1
Kf6 36. Be2 Rh7 37. Bf2 Nxf3 38. Bxf3 hxg4 39. hxg4 Rxh2+ 40. Kxh2 Bxg4 41. Rd3
Qh8+ 42. Kg1 Bxf3 43. Rxf3 g4 44. Rd3 Qh5 45. Qg2 Rh8 46. Kf1 f3 47. Qg1 Qg5
48. Be3 Qg6 49. Bf2 Rh3 50. Ke1 Qh5 51. Kd2 Rh1 52. Qg3 Rh2 53. Ke1 Kf7 54. Kd2
Rg2 0-1

[Event "Albena BUL, 19th Open round_6"]
[Site "Albena BUL"]
[Date "2011.06.30"]
[Round "6.23"]
[White "Gruenfeld, Yehuda"]
[Black "Nikolaou, Georgios"]
[Result "0-1"]
[WhiteElo "2484"]
[BlackElo "2286"]
[PlyCount "114"]
[EventDate "2011.06.25"]
[EventType "swiss"]
[EventRounds "9"]
[EventCountry "BUL"]

1. e4 c5 2. Nf3 d6 3. d4 cxd4 4. Nxd4 Nf6 5. Nc3 g6 6. Be3 Bg7 7. f3 a6 8. Qd2
Nbd7 9. O-O-O b5 10. Kb1 Bb7 11. g4 Rc8 12. a3 Nb6 13. h4 h5 14. g5 Nfd7 15.
Bh3 Nc4 16. Qe1 Nxe3 17. Qxe3 Rc5 18. Nb3 Rc4 19. Bxd7+ Qxd7 20. Nd5 Bxd5 21.
Rxd5 Qc7 22. Qd2 O-O 23. Re1 Rc8 24. Re2 Qb6 25. Qe1 Ra4 26. Qf2 Qc7 27. f4 e6
28. Rd3 b4 29. axb4 Rxb4 30. Qe1 Rcb8 31. Red2 a5 32. Rxd6 a4 33. Rd7 Qc4 34.
R2d4 Bxd4 35. Rxd4 Qb5 36. Rxb4 Qxb4 37. Qxb4 Rxb4 38. Nc5 Kf8 39. c3 Rc4 40.
Nd7+ Ke7 41. Nf6 a3 42. Ka2 axb2 43. Kxb2 Ra4 44. Kb1 e5 45. fxe5 Ke6 46. Kb2
Kxe5 47. Nd7+ Kf4 48. Kb3 Rxe4 49. c4 Re7 50. Nf6 Kg3 51. c5 Kxh4 52. Nd5 Ra7
53. c6 Kxg5 54. c7 Rxc7 55. Nxc7 h4 56. Nb5 h3 57. Nd4 Kg4 0-1

[Event "Albena BUL, 19th Open round_6"]
[Site "Albena BUL"]
[Date "2011.06.30"]
[Round "6.24"]
[White "Jaracz, Barbara"]
[Black "Donchev, Dimitar I"]
[Result "1/2-1/2"]
[WhiteElo "2275"]
[BlackElo "2452"]
[PlyCount "98"]
[EventDate "2011.06.25"]
[EventType "swiss"]
[EventRounds "9"]
[EventCountry "BUL"]

1. e4 c5 2. Nf3 a6 3. Nc3 e6 4. d4 cxd4 5. Nxd4 d6 6. Be3 Nf6 7. f3 b5 8. Qd2
Bb7 9. O-O-O Nbd7 10. g4 Nb6 11. Qf2 Nfd7 12. Bd3 Rc8 13. Nce2 Be7 14. h4 Nc5
15. Kb1 Qd7 16. g5 g6 17. h5 Rf8 18. Nb3 Nba4 19. Ng3 Qc7 20. Bc1 Qb6 21. Qe2
Nxd3 22. Qxd3 b4 23. f4 Nc5 24. Nxc5 Qxc5 25. Rhe1 Qc4 26. Qd2 Rg8 27. Re3 a5
28. b3 Qc7 29. Bb2 e5 30. Re2 Rd8 31. f5 gxh5 32. f6 Bxf6 33. gxf6 Rxg3 34. Qh6
Qc8 35. Qxh7 Qe6 36. Qh8+ Kd7 37. Qxh5 Rc8 38. Qh2 Qg4 39. Red2 Bxe4 40. Bxe5
Rg2 41. Qf4 Qxf4 42. Bxf4 Rxd2 43. Rxd2 d5 44. Kb2 Rg8 45. a3 Rg4 46. Be5 Kc6
47. axb4 axb4 48. c3 bxc3+ 49. Kxc3 Rg2 1/2-1/2

[Event "Albena BUL, 19th Open round_6"]
[Site "Albena BUL"]
[Date "2011.06.30"]
[Round "6.25"]
[White "Nikolov, Sasho"]
[Black "Olarasu, Gabriela"]
[Result "1-0"]
[WhiteElo "2418"]
[BlackElo "2266"]
[PlyCount "111"]
[EventDate "2011.06.25"]
[EventType "swiss"]
[EventRounds "9"]
[EventCountry "BUL"]

1. c4 Nf6 2. Nc3 e6 3. d4 Bb4 4. Qc2 c5 5. dxc5 Bxc5 6. Nf3 Nc6 7. Bg5 Nd4 8.
Nxd4 Bxd4 9. e3 Qa5 10. exd4 Qxg5 11. h4 Qf4 12. Qd2 Qxd2+ 13. Kxd2 b6 14. Bd3
Bb7 15. f3 Ke7 16. b4 d6 17. Rhb1 Nd7 18. f4 Bxg2 19. Rg1 Bb7 20. Rxg7 Rag8 21.
Rag1 Rxg7 22. Rxg7 Nf6 23. Nb5 Nh5 24. Rxh7 Rxh7 25. Bxh7 a6 26. Nc3 Nxf4 27.
Ne2 Nh5 28. Bd3 e5 29. Ke3 Bc8 30. Nc3 Nf4 31. dxe5 dxe5 32. Nd5+ Nxd5+ 33.
cxd5 f5 34. h5 b5 35. h6 Kf6 36. Be2 f4+ 37. Kf2 Bf5 38. d6 e4 39. Bh5 Bh7 40.
Bg4 Bg6 41. Ke2 Bh7 42. Bc8 Bg6 43. Bg4 Bh7 44. Kd2 f3 45. Ke3 Bg6 46. Bc8 Bh7
47. Bxa6 Ke6 48. Bxb5 Kxd6 49. a4 Kc7 50. a5 Kb7 51. Bc4 Kc6 52. b5+ Kc5 53.
Bf1 Bg6 54. b6 Kc6 55. Bc4 Bh7 56. Bd5+ 1-0

[Event "Albena BUL, 19th Open round_6"]
[Site "Albena BUL"]
[Date "2011.06.30"]
[Round "6.26"]
[White "Taras, Iulian-Ioan"]
[Black "Pancevski, Filip"]
[Result "0-1"]
[WhiteElo "2267"]
[BlackElo "2399"]
[PlyCount "74"]
[EventDate "2011.06.25"]
[EventType "swiss"]
[EventRounds "9"]
[EventCountry "BUL"]

1. d4 g6 2. e4 Bg7 3. c4 d6 4. Nc3 Nf6 5. Nf3 O-O 6. Be2 e5 7. Be3 Nbd7 8. d5
a5 9. Nd2 Ne8 10. O-O f5 11. f3 Nef6 12. a3 Nh5 13. Re1 Bf6 14. Bf2 Bh4 15. g3
Bg5 16. exf5 Rxf5 17. g4 Bxd2 18. Qxd2 Nf4 19. Bf1 Rf7 20. Ne4 Nf6 21. Bg3 Nxe4
22. Rxe4 g5 23. Bxf4 gxf4 24. Qf2 h5 25. h3 Rg7 26. Bg2 b6 27. b3 Qf6 28. Rae1
Bd7 29. b4 axb4 30. axb4 Qd8 31. c5 Ra3 32. cxb6 cxb6 33. R4e2 hxg4 34. hxg4
Qg5 35. Ra2 Rxa2 36. Qxa2 Bxg4 37. Rf1 Bxf3 0-1